Largest towns/cities of these Irish counties Quiz Stats

 Plays Quiz not verified by Sporcle

Support Sporcle.
Go Orange.
Score 0/32 Timer 10:00
0 Plays Today
Question Answer % Correct
DublinDublin
95.2%
CorkCork
92.1%
GalwayGalway
92.1%
Londonderry/DerryDerry
92.1%
LimerickLimerick
90.5%
WaterfordWaterford
85.7%
WexfordWexford
84.1%
KilkennyKilkenny
82.5%
LongfordLongford
82.5%
SligoSligo
82.5%
WicklowWicklow
82.5%
CarlowCarlow
81%
CavanCavan
79.4%
ClareEnnis
79.4%
KerryTralee
73%
MeathNavan
73%
Question Answer % Correct
MonaghanMonaghan
71.4%
RoscommonRoscommon
71.4%
LaoisPort Laoise
69.8%
DonegalLetterkenny
66.7%
ArmaghNewry
65.1%
LouthDundalk
65.1%
MayoCastlebar
61.9%
WestmeathMullingar
61.9%
TyroneOmagh
58.7%
FermanaghEnniskillen
55.6%
KildareNewbridge
55.6%
LeitrimCarrick-on-Shannon
49.2%
OffalyTullamore
49.2%
TipperaryClonmel
42.9%
DownBelfast (Belfast is in both these counties)
31.7%
AntrimBelfast (Belfast is in both these counties)
23.8%

You're not logged in!

Compare scores with friends on all Sporcle quizzes.
OR
Log In

From the Vault

Baseball: A 'National Pastime'

by needapausebutton

"Love is the most important thing in the world, but baseball is pretty good, too." - Yogi Berra
Remove Ads.
Support Sporcle.
Get the best of Sporcle when you Go Orange. This ad-free experience offers more features, more stats, and more fun while also helping to support Sporcle. Thank you for becoming a member.

Show Comments

Extras

Created Mar 24, 2012ReportNominate
Tags:counties, Ireland

Top Quizzes Today


Score Distribution

Your Account Isn't Verified!

In order to create a playlist on Sporcle, you need to verify the email address you used during registration. Go to your Sporcle Settings to finish the process.

Report this User

Report this user for behavior that violates our Community Guidelines.

Details: